25 Time Table (backwards) - Statistics

General Stats
  • This quiz has been taken 93 times
  • The average score is 21 of 25
Answer Stats
25x x % Correct
100 4
100%
25 1
91%
525 21
91%
625 25
91%
75 3
91%
150 6
91%
200 8
91%
225 9
91%
275 11
82%
325 13
82%
375 15
82%
425 17
82%
450 18
82%
50 2
82%
500 20
82%
550 22
82%
575 23
82%
600 24
82%
175 7
82%
250 10
73%
300 12
73%
350 14
73%
400 16
73%
475 19
73%
125 5
73%
No matching quizzes found
Score Distribution
Percent of People with Each Score
Percentile by Number Answered
Your Score History
You have not taken this quiz